Logo Biblioteca

Comunicación : (Registro nro. 454)

Detalles MARC
000 -LEADER
fixed length control field 01023nam a22002297a 4500
003 - CONTROL NUMBER IDENTIFIER
control field OSt
005 - DATE AND TIME OF LATEST TRANSACTION
control field 20250226120043.0
008 - FIXED-LENGTH DATA ELEMENTS--GENERAL INFORMATION
fixed length control field 250226s2004 ag ||||| |||| 00| 0 spa d
020 ## - INTERNATIONAL STANDARD BOOK NUMBER
International Standard Book Number 9875550191
040 ## - CATALOGING SOURCE
Transcribing agency besoc
100 1# - MAIN ENTRY--PERSONAL NAME
Personal name Schnaider, Romina,
Dates associated with a name 1971-
Relator term autor
245 10 - TITLE STATEMENT
Title Comunicación :
Remainder of title para principiantes /
Statement of responsibility, etc. Romina Schnaider, Mariano Zarowsky, Kalil Llamazares
250 ## - EDITION STATEMENT
Edition statement 1a ed.
260 ## - PUBLICATION, DISTRIBUTION, ETC.
Place of publication, distribution, etc. Buenos Aires :
Name of publisher, distributor, etc. El Naciente,
Date of publication, distribution, etc. 2004
300 ## - PHYSICAL DESCRIPTION
Extent 205 p.
490 0# - SERIES STATEMENT
Series statement Comunicación : Ciencias Sociales
505 0# - FORMATTED CONTENTS NOTE
Formatted contents note Qué es la comunicación -- Comunicación, medios y sociedad -- Estudios de audiencias -- Economía política de la comunicación -- Tecnologías de la comunicación -- El discurso de la información -- La investigación en América Latina -- Sociedad de la información -- Disparen contra la TV -- Epílogo -- Bibliografía recomendada.-
650 #4 - SUBJECT ADDED ENTRY--TOPICAL TERM
Topical term or geographic name entry element Comunucación
General subdivision Sociedad
700 1# - ADDED ENTRY--PERSONAL NAME
Personal name Zarowsky, Mariano
Dates associated with a name 1977-
Relator term autor
700 1# - ADDED ENTRY--PERSONAL NAME
Personal name Llamazares, Kalil
Dates associated with a name 1971-
Relator term autor
942 ## - ADDED ENTRY ELEMENTS (KOHA)
Source of classification or shelving scheme Universal Decimal Classification
Koha item type Libro de préstamo a domicilio
Suppress in OPAC No
Existencias
Withdrawn status Lost status Source of classification or shelving scheme Damaged status Not for loan Collection Home library Current library Date acquired Total checkouts Full call number Barcode Date last seen Copy number Price effective from Koha item type
    Universal Decimal Classification     Colección General Biblioteca Escuela de Ciencias Sociales Biblioteca Escuela de Ciencias Sociales 26/02/2025   007 SCH358 001358 26/02/2025 1 26/02/2025 Libro de préstamo a domicilio
    Universal Decimal Classification     Colección General Biblioteca Escuela de Ciencias Sociales Biblioteca Escuela de Ciencias Sociales 26/02/2025   007 SCH358 001359 26/02/2025 2 26/02/2025 Libro de préstamo a domicilio
    Universal Decimal Classification     Colección General Biblioteca Escuela de Ciencias Sociales Biblioteca Escuela de Ciencias Sociales 26/02/2025   007 SCH358 001360 26/02/2025 3 26/02/2025 Libro de préstamo a domicilio
Biblioteca de la Escuela Preuniversitaria en Ciencias Sociales y Humanísticas.
Riobamba 250 bis.
CP 2000 - Rosario - Santa Fe
E-Mail: biblioteca@esociales.unr.edu.ar